000 00896nam a22002777a 4500
005 20240530110617.0
008 161130s2015 ua g 000 0 ara d
017 _a2014/20272
_bمصر. دار الكتب
020 _a9789774279362
040 _aEG-CaGPL
_cEG-CaGPL
082 0 4 _221
_a111.82\
_bم م
100 0 _aمصطفى النشار
245 1 0 _aمدخل جديد الى فلسفة الدين /
_cمصطفى النشار
250 _aط.1.
260 _aالقاهرة :
_bالدار المصرية اللبنانية ،
_c2015.
300 _a309 ص. ؛
_c24 سم.
650 0 7 _2qrmak
_aالدين و الفلسفة
650 0 7 _2qrmak
_aكانط
650 0 7 _2qrmak
_aهيجل
650 0 7 _2qrmak
_aفواتير
650 0 7 _2qrmak
_aمونتانى
650 0 7 _2qrmak
_aديكارت
651 _2qrmak
942 _2ddc
_cBK
999 _c62973
_d62973